| 000 | 00585nam a22001817a 4500 | ||
|---|---|---|---|
| 005 | 20141110094907.0 | ||
| 008 | 141110b xxu||||| |||| 00| 0 eng d | ||
| 020 | _a9789814586962 | ||
| 050 |
_aQA 76.9.D3 _b.H675 2014 |
||
| 100 | _aHoffer, Jeffrey A. | ||
| 245 |
_aModern database management / _cJeffrey A. Hoffer, V. Ramesh and Heikki Topi. |
||
| 250 | _a11th ed. | ||
| 260 |
_aUpper Saddle River, N.J. : _bPrentice Hall, _cc2014. |
||
| 300 |
_a624 pages : _billustrations ; _c27 cm. |
||
| 521 | _aInformation Technology | ||
| 650 | _aDatabase management. | ||
| 942 |
_2lcc _cBK _kFOR |
||
| 999 |
_c276744 _d276744 |
||